000 00640nam a2200217Ia 4500
003 OSt
005 20220927105532.0
006 a|||||r|||| 00| 0
007 ta
008 220926b |||||||| |||| 00| 0 eng d
024 _a173213
037 _cReference Collections
040 _aRTL
_cRTL
_beng
041 _2eng
_aeng
082 _a"V4:19p.281.N47, H7"
245 0 _aFIRST ASIAN RELATIONS CONFERENCE (1947) (NEW DELHI).
260 _aNew
_bDelhi Asian Relations Organization.
_c1948
300 _a313p.
_ccm.
942 _h"V4:19p.281.N47, H7"
_cCC
999 _c692888
_d692888